Normal view
MARC view
- MS-TEE Thesis MS-EEP Thesis
Entry Topical Term
001 - CONTROL NUMBER
- control field: 116746
003 - CONTROL NUMBER IDENTIFIER
- control field: NUST
005 - DATE AND TIME OF LATEST TRANSACTION
- control field: 20230912170034.0
008 - FIXED-LENGTH DATA ELEMENTS
- fixed length control field: 230912|| aca||aabn | a|a d
040 ## - CATALOGING SOURCE
- Original cataloging agency: NUST
- Transcribing agency: NUST
150 ## - HEADING--TOPICAL TERM
- Topical term or geographic name entry element: MS-TEE Thesis MS-EEP Thesis
670 ## - SOURCE DATA FOUND
- Source citation: Work cat.: (NUST): Usman Khalid (00000277109) 116745, Combustion Behaviour Analysis of Coal and Biomass ash Blends /, 2022
